000 00759nam a2200265Ia 4500
003 OSt
005 20220925235319.0
006 a|||||r|||| 00| 0
007 ta
008 220923b |||||||| |||| 00| 0 eng d
037 _cGeneral Book
040 _aRTL
_cRTL
_beng
041 _2eng
_aeng
082 _a2k, P2.1-P2.2/RR
100 _aKumar T
245 0 _aEncyclopedic dictionary of library science and information technology 2V
260 _a New Delhi
_bCrest Publication House India
_c2002
300 _a678p
_ccm.
490 _vV 1
650 _a Encyclopedia
_9253560
650 _aLibrary Science
700 _a Rawat P P
942 _h2k, P2.1-P2.2/RR
_cGB
_2CC
999 _c597109
_d597109